Despenalizacin̤ del aborto eugenšico en la legislacin̤ peruana

Bibliographic Details
Main Author: Vitaliano, Abraham
Format: eBook
Language:Spanish
Published: Lima: Editorial Acadm̌ica Espaǫla, 2019
Subjects:
Online Access:Acceso restringido

MARC

LEADER 00000nam a22000007a 4500
005 2019100200540.0
007 cr|||| ||||
008 191002s2019 pe |||||s|||| 00||0 spa d
020 |a 9786139433926 
035 |a 29039 
040 |a vLex 
090 |c 9690  |d 9690 
100 1 |a Vitaliano, Abraham 
245 1 0 |a Despenalizacin̤ del aborto eugenšico en la legislacin̤ peruana  |h [Recurso electrn̤ico] /  |c Abraham Vitaliano 
256 |a Servicio en ln̕ea 
260 |a Lima:  |b Editorial Acadm̌ica Espaǫla,  |c 2019 
300 |a 1 recurso electrn̤ico 
500 |a Hace algunos meses atrs̀, en una de las ct̀edras del docente Abogado Magister Christian Tantl̀ean Odar, que dictaba en la universidad privada þAntonio Guillermo Urrelo· de la ciudad de Cajamarca, me dijo que debera̕ ir preparǹdome para redactar mi proyecto de tesis, me refiero al curso de Metodologa̕ de la Investigacin̤. Sin duda, me dejo pensativo por algn︢ momento y record ̌un caso muy especial, que se suscit ̤el 7 de marzo del 2014, cuando estaba ejerciendo el periodismo de investigacin̤. En esa fecha, en una cln̕ica particular – muy conocida en la ciudad de Cajamarca- observe a una jovencita gestante que lloraba con unas ganas que se escuchaba en todo el ambiente de la cln̕ica. Me acerqu ̌y como todo curioso pregunte: Srta, ¿le pasa algo? La cual inmediatamente me miro y dijo: quiero abortar, pero no puedo. Dg̕ame ¿Qu ̌le ha sucedido? En un comienzo pens ̌que haba̕n abusado de ella, pero no fue as,̕ sino que los mďicos le diagnosticaron que el ser que lleva en su vientre, se est ̀desarrollando con malformaciones por lo tanto, nacer ̀muerto o morir ̀a los da̕s siguientes de haber nacido. Este hecho, me motivo a redactar la presente tesis de pregrado. 
506 1 |a Disponible solo en los productos indicados  |d vLex Global  |d vLex Global (Academic Edition, excluding Law Schools)  |d vLex Global (U.S. Academic Edition, Law Schools)  |d vLex Global (U.S. Academic Edition, excluding Law Schools)  |d vLex Global (Academic Edition, Law Schools) 
650 0 4 |a Derecho Pb︢lico y Administrativo  |z Per︢ 
740 0 |a vLex Libros (Servicio en ln̕ea) 
856 4 0 |u http://vlex.com/source/29039  |z Acceso restringido 
942 |c BOOK 
999 0 |a Public and Administrative Law